000 00716nam a2200229Ia 4500
003 GCL
008 140319s9999 xx 000 0 ara d
020 _a1180172977
040 _aGCL /
_cGCL
082 0 4 _a240.908
_bم أ
100 1 _aمأمون غريب
245 1 0 _aالامام الشعراوى وحقائق الاسلام /
_cمأمون غريب
250 _aالاولى
260 _aالقاهرة :
_bمكتبة غريب ،
_c1987
300 _a114 ص ؛
_c20 سم
650 0 4 _aالاسلام
650 0 4 _aالاسلام - دعوة
650 0 4 _aالثقافة الاسلامية
650 0 4 _aالفقه الاسلامى
650 0 4 _aمحمد متولى الشعراوى
942 _2ddc
_cBK
999 _c5033
_d5033